00626nam a2200193Ia 4500008004100000020001400041082001700055100002000072245003000092250000700122260004500129300003000174500001900204600002100223650005000244942000700294952011600301999001500417240925s9999 xx 000 0 und d a134553535 a005.7565 HOG aHogoboom, Karen 0aSybase Systems Management aNA aNew Jersey:bPrintice- Hall Int.c,1997. axviii,280p.bNAfOriginal aIncludes Index aComputer Science aComputer science, information & general works cBK 001040708CSaUITUbUITUd2000-07-28eNAg295.00l0o005.7565 HOGpQ2583r2024-09-25 07:12:51w2024-09-25yBK c5082d5082